All AEW Title Winners - Statistics

General Stats
  • This quiz has been taken 5,440 times
    12 since last reset
  • The average score is 110 of 136
Answer Stats
Title Champion % Correct
TNT | World Tag Team Adam Copeland
100%
World Bryan Danielson
100%
World Chris Jericho
100%
TNT | Trios | World Tag Team Christian Cage
100%
World CM Punk
100%
TNT | World | World Tag Team Darby Allin
100%
Trios | World | World Tag Team Hangman Page
100%
Continental | International | World Jon Moxley
100%
Continental | International | Trios | Unified Kazuchika Okada
100%
International | Trios | World | World Tag Team Kenny Omega
100%
Trios | World Tag Team Matt Jackson
100%
TBS Mercedes Moné
100%
TNT Miro
100%
American | World MJF
100%
Trios | World Tag Team Nick Jackson
100%
TNT | Trios | World Samoa Joe
100%
World | World Tag Team Swerve Strickland
100%
Women's World Toni Storm
100%
TBS | Women's Tag Team Willow Nightingale
100%
TNT Adam Cole
83%
World Tag Team Bandido
83%
World Tag Team Bobby Lashley
83%
Trios | World Tag Team Brody King
83%
Trios Buddy Matthews
83%
World Tag Team Cash Wheeler
83%
TNT Cody Rhodes
83%
World Tag Team Dax Harwood
83%
Women's World Dr. Britt Baker D.M.D.
83%
TNT Dustin Rhodes
83%
Continental Eddie Kingston
83%
World Tag Team Frankie Kazarian
83%
Women's World Hikaru Shida
83%
World Tag Team Isiah Kassidy
83%
National | TNT | World Tag Team Jack Perry
83%
TBS Jade Cargill
83%
Women's World Jamie Hayter
83%
World Tag Team Keith Lee
83%
TNT | Trios Kevin Knight
83%
TBS | Women's World Kris Statlander
83%
TNT | Trios Kyle Fletcher
83%
TNT | World Tag Team Luchasaurus
83%
Trios Malakai Black
83%
Women's World Mariah May
83%
TNT Mr. Brodie Lee
83%
International | Trios Orange Cassidy
83%
Trios | World Tag Team Penta El Zero Miedo
83%
International | Trios | World Tag Team Rey Fénix
83%
National Ricochet
83%
International | Trios Roderick Strong
83%
TNT | World Tag Team Scorpio Sky
83%
World Tag Team Shelton Benjamin
83%
World Tag Team Sting
83%
Women's World Thekla
83%
Trios | World Tag Team Austin Gunn
67%
World Tag Team Big Bill
67%
Trios Billy Gunn
67%
Trios Claudio Castagnoli
67%
Trios | World Tag Team Colten Gunn
67%
Trios David Finlay
67%
Trios Gabe Kidd
67%
Women's Tag Team Harley Cameron
67%
Trios Katsuyori Shibata
67%
International Konosuke Takeshita
67%
Trios Mark Davis
67%
World Tag Team Marq Quen
67%
Women's Tag Team Megan Bayne
67%
Trios Mike Bailey
67%
Trios Nick Wayne
67%
Women's World Nyla Rose
67%
All-Atlantic | Trios Pac
67%
TNT | Trios Powerhouse Hobbs
67%
World Tag Team Ricky Starks
67%
Women's World Riho
67%
TNT Sammy Guevara
67%
Women's World Saraya
67%
Women's World Thunder Rosa
67%
TNT Wardlow
67%
Trios Wheeler Yuta
67%
International Will Ospreay
67%
Trios | World Tag Team Anthony Bowens
50%
Trios Clark Connors
50%
TNT Daniel Garcia
50%
Trios Jay White
50%
TBS Julia Hart
50%
Trios Killswitch
50%
Trios Kyle O'Reilly
50%
TNT Mark Briscoe
50%
National Mark Davis
50%
Trios | World Tag Team Max Caster
50%
Trios Mistico
50%
TNT Tomasso Ciampa
50%
Women's Tag Team Lena Kross
33%
No matching quizzes found
Score Distribution
Percent of People with Each Score
Percentile by Number Answered
Your Score History
You have not taken this quiz since the last reset